Real Decreto Orgánico (Record no. 183858)

MARC details
000 -LEADER
campo de control de longitud fija 00503nam a2200145 i 4500
001 - NÚMERO DE CONTROL
campo de control 183858
003 - IDENTIFICADOR DE NÚMERO DE CONTROL
campo de control ES-MaACL
005 - FECHA Y HORA DE LA ÚLTIMA TRANSACCIÓN
campo de control 20230906222003.0
008 - DATOS DE LONGITUD FIJA--INFORMACIÓN GENERAL
campo de control de longitud fija 141030s1898 sp |||| | spa d
110 2# - ENTRADA PRINCIPAL--NOMBRE DE ENTIDAD CORPORATIVA
Nombre de entidad corporativa o nombre de jurisdicción como elemento de entrada España.
Unidad subordinada Junta de Aranceles y Valoraciones.
9 (RLIN) 155810
245 10 - MENCIÓN DEL TÍTULO
Título Real Decreto Orgánico
Resto del título : personal y reglamento de la misma /
Mención de responsabilidad, etc. Junta de Aranceles y Valoraciones.
260 ## - PUBLICACIÓN, DISTRIBUCIÓN, ETC.
Lugar de publicación, distribución, etc. Madrid :
Nombre del editor, distribuidor, etc. [s.n.],
Fecha de publicación, distribución, etc. 1898 (
Fabricante Hijos de J. A. García)
300 ## - DESCRIPCIÓN FÍSICA
Extensión 70 p. ;
Dimensiones 18 cm.
852 ## - LOCALIZACIÓN
Ubicación ES-MaACL
Número de control de estantería T-758-F-2
Holdings
Estatus retirado Estado de pérdida Estado de daño No para préstamo Colección Biblioteca de origen Biblioteca actual Ubicación en estantería Fecha de adquisición Fuente de adquisición Total de préstamos Signatura topográfica completa Código de barras Visto por última vez Precio de reemplazo Tipo de ítem Koha
        Colección de folletos Biblioteca del Ateneo de Madrid Biblioteca del Ateneo de Madrid Depósito folletos 30/10/2014     T-758-F-2 1193319 23/02/2023 23/02/2023 Folleto